ห้องสมุด วิทยาลัยพยาบาลบรมราชชนนี อุดรธานี
Boromarajonani College of Nursing, Udonthani
เปลี่ยนเป็นภาษาไทย

Change to English
 แสดงรายละเอียดบรรณานุกรม
  กลับหน้าหลัก

Brief Record : Get Marc (ISO 2709) : E-mail record : QR code ปิดหน้าต่าง
หนังสืออ้างอิง : เกี่ยวกับ Collections
mysqli: Table './ulib2015/stat_globaluid' is marked as crashed and last (automatic?) repair failed
select id from stat_globaluid where statuid='20260418005936_2826' 
mysqli: Table './ulib2015/stat_globaluid' is marked as crashed and last (automatic?) repair failed
DELETE FROM stat_globaluid
			WHERE id NOT IN (
			  SELECT id
			  FROM (
				SELECT id
				FROM stat_globaluid
				ORDER BY id DESC
				LIMIT 100
			  ) foo
			); 
mysqli: Table './ulib2015/stat_globaluid' is marked as crashed and last (automatic?) repair failed
insert into stat_globaluid set
		statuid='20260418005936_2826',
		dt='1776448776',
		phpself='/ULIB/dublinfull.php',
		agent='Mozilla/5.0 AppleWebKit/537.36 (KHTML, like Gecko; compatible; ClaudeBot/1.0; +claudebot@anthropic.com)',
		yea='2026',
		mon='4',
		dat='18',
		ip='216.73.216.55'
		
		
LEADER 00674nam 2200229 a 4500
001    12645
003     ULIBM
008    101011s2551 th m a001 0 tha d
020    ^a978-974-452-4
050  4 ^aWK810^bอ935ร 2551
060  4 ^aWK810^bอ935ร 2551
245 10 ^aรู้ทันเบาหวาน 3 : โภชนาการด้านเบาหวาน/^cเอื้อม สกุลแก้ว
250    ^aพิมพ์ครั้งที่ 1.
260    ^aกรุงเทพฯ:^bใกล้หมอ,^c2551
300    ^a 161 หน้า.
650  7 ^aเบาหวาน
700 0  ^aโภชนาการด้านโรคเบาหวาน
945    ^p0^l0^i25477
945    ^p0^l0^i25478
945    ^p0^l0^i25479
999     ^aลิขิตลักษณ์
รายการนี้ยังไม่มีแท็ก
คุณยังไม่ได้ล็อกอิน คุณสามารถมีกิจกรรมร่วมกับเว็บไซต์ได้ แต่ต้องล็อกอินก่อน ::
  ล็อกอิน
ลำดับที่ ประเภท เลขเรียก/บาร์โค้ด สถานที่ สถานะ
1. หนังสือการพยาบาล
หนังสือการพยาบาล
WK810 อ935ร 2551  
  Barcode: 25477
หนังสือทั่วไป On Shelf
2. หนังสือการพยาบาล
หนังสือการพยาบาล
WK810 อ935ร 2551 ฉ.2 
  Barcode: 25478
หนังสือทั่วไป On Shelf
3. หนังสือการพยาบาล
หนังสือการพยาบาล
WK810 อ935ร 2551 ฉ.3 
  Barcode: 25479
หนังสือทั่วไป On Shelf
   [แสดง 3/3 รายการ]

mysqli: Can't create/write to file '/var/tmp/#sql_59d_0.MAI' (Errcode: 2)
select * from index_db where titl like '%รู้ทันเบาหวาน 3 : โภชนาการด้านเบาหวาน/ เอื้อม  สกุลแก้ว%' and mid<>'12645'  order by rand() limit 3
mysqli: Can't create/write to file '/var/tmp/#sql_59d_0.MAI' (Errcode: 2)
select * from index_db where subj like '%เบาหวาน%' and mid<>'12645'  order by rand() limit 3

BibComment


ยังไม่เคยถูกคอมเมนท์

คอมเมนท์ทรัพยากรรายการนี้
  คอมเมนท์: รู้ทันเบาหวาน 3 ..
Bib 12645

 
 
 

 Union Library Management : ULibM
Copyright 2026. All Rights Reserved.